00640nam a2200205 a 450000100060000000300080000600500170001400800410003103500190007204000270009104100080011808200210012610000240014724500610017126000380023230000210027050400640029165000300035565100490038542169BD-RjUL20211209053513.0160611s1963 enk b 001 0 eng d a(BD-RjUL)42287 aKSUdm.cbengcBD-RjUL aeng a327.73bDOI 196310aDonelan, Michael D.14aThe ideas of American foreign policy /cMichael Donelan. aLondon :bChapman & Hall,cc1963. a272 p. ;c23 cm. aIncludes bibliographical references (p. 261-265) and index. 0aWorld politicsy1945-1989 0aUnited StatesxForeign relationsy1945-1989.